Linguistica (La)-Guida alfabetica (Record n. 65579)
[ formato base ]
| 000 -LEADER | |
|---|---|
| fixed length control field | 00987nam a2200349Ia 4500 |
| 001 - CONTROL NUMBER | |
| control field | 9117 |
| 003 - CONTROL NUMBER IDENTIFIER | |
| control field | IT-RoPAU |
| 008 - FIXED-LENGTH DATA ELEMENTS--GENERAL INFORMATION | |
| fixed length control field | 130308s9999 xx 000 0 und d |
| 040 ## - CATALOGING SOURCE | |
| Original cataloging agency | IT-RoPAU |
| 040 ## - CATALOGING SOURCE | |
| Transcribing agency | IT-RoPAU |
| 041 ## - LANGUAGE CODE | |
| Language code of text/sound track or separate title | ITALIANO |
| 999 ## - SYSTEM CONTROL NUMBERS (KOHA) | |
| Koha Dewey Subclass [OBSOLETE] | SI |
| 100 ## - MAIN ENTRY--PERSONAL NAME | |
| Personal name | Martinet André |
| 100 ## - MAIN ENTRY--PERSONAL NAME | |
| Miscellaneous information | Codice Aut. SPICS: 4100 |
| 240 ## - UNIFORM TITLE | |
| Uniform title | LINGUISTIQUE (LA)-GUIDE ALPHABETIQUE |
| 240 ## - UNIFORM TITLE | |
| Miscellaneous information | Codice Tit. Orig. Spics: 280 |
| 245 ## - TITLE STATEMENT | |
| Title | Linguistica (La)-Guida alfabetica |
| 245 ## - TITLE STATEMENT | |
| Remainder of title | Linguistica (La)-Guida Alfabetica |
| 250 ## - EDITION STATEMENT | |
| Edition statement | 1a ed. |
| 260 ## - PUBLICATION, DISTRIBUTION, ETC. (IMPRINT) | |
| Place of publication, distribution, etc. | MILANO |
| 260 ## - PUBLICATION, DISTRIBUTION, ETC. (IMPRINT) | |
| Name of publisher, distributor, etc. | Rizzoli |
| 260 ## - PUBLICATION, DISTRIBUTION, ETC. (IMPRINT) | |
| Date of publication, distribution, etc. | 1972 [1° Ed.:1972 - Ed.Ling.Originale:1969] |
| 300 ## - PHYSICAL DESCRIPTION | |
| Extent | "464 p. (prefazione: no ; testo: 464)" |
| 500 ## - GENERAL NOTE | |
| General note | 51 Voci con le principali nozioni della Linguistica moderna in Ordine Alfabetico |
| 650 ## - SUBJECT ADDED ENTRY--TOPICAL TERM | |
| Topical term or geographic name as entry element | LINGUISTICA |
| 650 ## - SUBJECT ADDED ENTRY--TOPICAL TERM | |
| Relator term | Codice materia Spics: 3201 |
| 700 ## - ADDED ENTRY--PERSONAL NAME | |
| Personal name | AA.VV. |
| 700 ## - ADDED ENTRY--PERSONAL NAME | |
| Miscellaneous information | Codice Aut. SPICS: 12000 |
| 942 ## - ADDED ENTRY ELEMENTS (KOHA) | |
| Koha item type | LIBRO |
| 957 ## - | |
| -- | 1 |
| 999 ## - SYSTEM CONTROL NUMBERS (KOHA) | |
| -- | 1 |
| Withdrawn status | Lost status | Damaged status | Not for loan | Home library | Current library | Date acquired | Total Checkouts | Full call number | Date last seen | Price effective from | Koha item type | Public note |
|---|---|---|---|---|---|---|---|---|---|---|---|---|
| Buone Condizioni | Not For Loan | SPICS-MEDIATECA | SPICS-MEDIATECA | 08/03/2013 | 9117 | 08/03/2013 | 08/03/2013 | LIBRO | Progressivo inserimento: 2583 / N. Volumi: 1 Copie: 1 Copia Rara: SI / data import: 1 marzo 2013 - By Epidotti, Trombetti, Vaglietti. |